000
00314nam a2200133Ia 4500
008
150201s2004 xx 000 0 und d
082
_a
616.8
_b
M04K
100
_a
KORCHIN,SHELDEN
245
_a
MODERN CLINICAL PSYCHOLOGY
250
_a
1ST
260
_b
CBS
_a
DELHI
_c
2004
650
_a
PSYCHIATRY
942
_2
ddc
_c
BK
_0
4
999
_c
605
_d
605